[Event "II Open A"]
[Site "Padova ITA"]
[Date "1999.12.13"]
[Round "3"]
[White "Di Lazzaro, Gabriele"]
[Black "Genocchio, Daniele"]
[Result "0-1"]
[WhiteElo "2015"]
[BlackElo "2291"]
[PlyCount "113"]
[EventDate "1999.12.11"]

1.e4 c5 2.c3 g6 3.Nf3 Bg7 4.Bc4 Qc7 5.O-O d6 6.Qe2 Nf6 7.e5 dxe5 8.Nxe5 
O-O 9.Re1 Nc6 10.Nxc6 Qxc6 11.h3 a6 12.a4 b6 13.d3 Bb7 14.Qf1 Rfe8 15.Nd2 
Rad8 16.Nf3 Qc8 17.Ne5 Nd5 18.Bd2 f6 19.Ng4 e5 20.f4 exf4 21.Bxf4 Kh8 22.
Bh6 f5 23.Bxg7+ Kxg7 24.Bxd5 Rxd5 25.Ne3 Rde5 26.Nc4 R5e6 27.a5 b5 28.Nb6 
Qc6 29.Rxe6 Qxe6 30.Qf2 Qe2 31.d4 Qxf2+ 32.Kxf2 cxd4 33.cxd4 Re7 34.Rd1 
Rc7 35.Rd2 Rc6 36.Ke3 Rd6 37.g3 Kf6 38.h4 h6 39.Kf4 Be4 40.Ke3 Bb1 41.Rd1 
Be4 42.Rd2 g5 43.hxg5+ Kxg5 44.Nc8 Rd8 45.Nb6 Kg4 46.Rh2 Rd6 47.Nc8 Rc6 
48.Ne7 Re6 49.Ng8 Kxg3 50.Rxh6 f4+ 51.Kd2 Rxh6 52.Nxh6 f3 53.Ke3 f2 54.
Kxe4 f1=Q 55.Nf5+ Kh3 56.d5 Qe1+ 57.Kd4 0-1

[Event "II Open A"]
[Site "Padova ITA"]
[Date "1999.12.13"]
[Round "3"]
[White "Godena, Michele"]
[Black "Gleizerov, Evgeny"]
[Result "1-0"]
[WhiteElo "2490"]
[BlackElo "2520"]
[PlyCount "129"]
[EventDate "1999.12.11"]

1.Nf3 d5 2.d4 Nc6 3.c4 Bg4 4.cxd5 Bxf3 5.gxf3 Qxd5 6.e3 e6 7.Nc3 Qh5 8.Bd2
Nf6 9.Be2 O-O-O 10.Qa4 Qa5 11.Qxa5 Nxa5 12.Ne4 Nc6 13.Rg1 Nd5 14.Ng5 Rd7 
15.f4 Nd8 16.a3 f6 17.Nf3 Nf7 18.Rc1 c6 19.Bd3 Kb8 20.Ke2 Nd6 21.Rg3 Nf5 
22.Rg2 Nde7 23.Bc4 Rd5 24.Bxd5 exd5 25.Bb4 Nc8 26.Bxf8 Rxf8 27.Kd3 Ncd6 
28.Nd2 Re8 29.Re1 b6 30.f3 c5 31.dxc5 bxc5 32.Rge2 c4+ 33.Kc3 a5 34.Nf1 
Rd8 35.Kd2 d4 36.exd4 Nxd4 37.Rf2 N6b5 38.Kc1 c3 39.bxc3 Rc8 40.Rb2 Rxc3+ 
41.Kb1 Rxa3 42.Re3 Kc7 43.Rxa3 Nxa3+ 44.Kc1 Nc4 45.Rg2 g6 46.f5 g5 47.f4 
h6 48.fxg5 hxg5 49.h4 Kd6 50.Rg4 Kd5 51.h5 Nd6 52.Ne3+ Ke5 53.h6 Nf7 54.
Nc4+ Kd5 55.Nb6+ Ke5 56.Nd7+ Kd5 57.Nxf6+ Ke5 58.Nd7+ Kd5 59.Nb6+ Ke5 60.
Nd7+ Kd5 61.h7 Nxf5 62.Rxg5 Ke6 63.Nc5+ Kf6 64.Ne4+ Ke5 65.Ng3 1-0

[Event "II Open A"]
[Site "Padova ITA"]
[Date "1999.12.13"]
[Round "3"]
[White "Joksic, Sinisa"]
[Black "Colovic, Aleksandar"]
[Result "1/2-1/2"]
[WhiteElo "2288"]
[BlackElo "2423"]
[PlyCount "86"]
[EventDate "1999.12.11"]

1.d4 Nf6 2.Nf3 g6 3.c4 Bg7 4.Nc3 O-O 5.e4 d6 6.Be2 e5 7.O-O Nc6 8.d5 Ne7 
9.b4 a5 10.Ba3 b6 11.bxa5 Rxa5 12.Bb4 Ra8 13.a4 Re8 14.a5 c5 15.dxc6 Nxc6 
16.Bxd6 Nd4 17.Nxd4 exd4 18.Nb5 Nxe4 19.Bc7 Qh4 20.g3 Qh3 21.Bxb6 Bb7 22.
Bf3 Nf6 23.Bxb7 Ng4 24.Qxg4 Qxg4 25.Nc7 d3 26.Rad1 Rab8 27.a6 Rf8 28.Bc5 
Rfd8 29.Be7 Qxc4 30.Bxd8 Rxd8 31.a7 Qxc7 32.a8=Q Rxa8 33.Bxa8 Qd8 34.Bf3 
d2 35.Rb1 h5 36.Rb5 Qd3 37.Rb8+ Kh7 38.Kg2 h4 39.h3 hxg3 40.fxg3 Be5 41.
Rb7 Kg7 42.Rxf7+ Kxf7 43.Be2+ Qf5 1/2-1/2

[Event "II Open A"]
[Site "Padova ITA"]
[Date "1999.12.13"]
[Round "3"]
[White "Lacrosse, Marc"]
[Black "Petrov, Marijan"]
[Result "1-0"]
[WhiteElo "2218"]
[BlackElo "2386"]
[PlyCount "87"]
[EventDate "1999.12.11"]

1.d4 Nf6 2.c4 g6 3.Nc3 Bg7 4.e4 d6 5.Nf3 O-O 6.Be2 e5 7.dxe5 dxe5 8.Qxd8 
Rxd8 9.Bg5 Rf8 10.Nxe5 Nxe4 11.Nxe4 Bxe5 12.O-O-O Nc6 13.Nf6+ Kg7 14.Ng4 
Bxg4 15.Bxg4 h6 16.Be3 Rfd8 17.Bd7 Na5 18.b3 Bd6 19.Bg4 Nc6 20.Bf3 a5 21.
Bxc6 bxc6 22.c5 Be7 23.Rxd8 Rxd8 24.Rd1 Rb8 25.Rd7 Bd8 26.Bd2 Ra8 27.a4 g5
28.Bxa5 Rxa5 29.Rxd8 Rxc5+ 30.Kb2 Rf5 31.Rd2 g4 32.Rc2 Rh5 33.g3 Rxh2 34.
a5 Rh5 35.b4 Rb5 36.Ka3 c5 37.Rxc5 Rb7 38.a6 Ra7 39.b5 Kf6 40.Kb4 Ke7 41.
Ka5 Kd7 42.b6 cxb6+ 43.Kxb6 Ra8 44.Kb7 1-0

[Event "II Open A"]
[Site "Padova ITA"]
[Date "1999.12.13"]
[Round "3"]
[White "Ravagnani, Tiziano"]
[Black "Popa, Florin"]
[Result "0-1"]
[WhiteElo "2025"]
[BlackElo "2213"]
[PlyCount "106"]
[EventDate "1999.12.11"]

1.e4 e5 2.Nf3 Nc6 3.d4 exd4 4.Nxd4 Bc5 5.Be3 Qf6 6.c3 Nge7 7.Bc4 Ne5 8.Be2
Qg6 9.O-O O-O 10.Nd2 d5 11.Nf5 Nxf5 12.exf5 Qd6 13.Bxc5 Qxc5 14.Nb3 Qd6 
15.f4 Nd7 16.Qd4 c5 17.Qe3 b6 18.Bb5 Bb7 19.Rfe1 Bc6 20.Bxc6 Qxc6 21.Qf3 
Qd6 22.Rad1 Nf6 23.Re5 Rfe8 24.Rde1 Kf8 25.Nd2 Nd7 26.Rxd5 Rxe1+ 27.Kf2 
Qe7 28.Rxd7 Qxd7 29.Kxe1 Re8+ 30.Kd1 Qxf5 31.g4 Qe6 32.Kc2 Rd8 33.f5 Qd5 
34.Qe3 Re8 35.Qf4 Rd8 36.Qe3 Re8 37.Qf4 Rc8 38.c4 Qd7 39.Nf3 Rd8 40.Nd2 
Qd3+ 41.Kc1 Qd4 42.Qxd4 Rxd4 43.h3 Ke7 44.Kc2 Kf6 45.Kc3 h5 46.b4 hxg4 47.
hxg4 Rxg4 48.bxc5 bxc5 49.Nb3 Rg3+ 50.Kc2 Rxb3 51.Kxb3 Kxf5 52.Ka4 g5 53.
Kb5 g4 0-1

[Event "II Open A"]
[Site "Padova ITA"]
[Date "1999.12.13"]
[Round "3"]
[White "Rogulj, Branko"]
[Black "Efimov, Igor"]
[Result "1-0"]
[WhiteElo "2427"]
[BlackElo "2445"]
[PlyCount "91"]
[EventDate "1999.12.11"]

1.e4 c5 2.Nc3 Nc6 3.g3 g6 4.Bg2 Bg7 5.d3 Rb8 6.f4 b5 7.e5 b4 8.Ne4 Qa5 9.
Nd2 Qc7 10.Ngf3 d5 11.O-O Nh6 12.Nb3 c4 13.dxc4 dxc4 14.Nbd4 Nxd4 15.Qxd4 
O-O 16.Be3 a5 17.Qc5 Qxc5 18.Bxc5 Re8 19.Nd4 Nf5 20.Nc6 Rb5 21.Bf2 h5 22.
Rfd1 Kh7 23.Bf1 Be6 24.b3 a4 25.bxc4 Rb7 26.Nd8 Rxd8 27.Rxd8 Rc7 28.Bb6 
Rc6 29.c5 Ne3 30.Bb5 Rc8 31.Rxc8 Bxc8 32.Bxa4 f6 33.Re1 Nc4 34.Bb3 Nd2 35.
Bd5 e6 36.Bg2 fxe5 37.fxe5 Nc4 38.Bc7 Bh6 39.Kf2 Bd2 40.Re4 Na3 41.Rd4 Bc3
42.Rd8 Ba6 43.Be4 Nb5 44.Rd7+ Kh6 45.Bd6 Bd4+ 46.Kf3 1-0

[Event "II Open A"]
[Site "Padova ITA"]
[Date "1999.12.13"]
[Round "3"]
[White "Rossi, Carlo"]
[Black "Zinani, Alessandro"]
[Result "1-0"]
[WhiteElo "2361"]
[BlackElo "2222"]
[PlyCount "85"]
[EventDate "1999.12.11"]

1.e4 e5 2.Nf3 Nf6 3.d3 Nc6 4.Be2 Be7 5.c3 d5 6.Nbd2 O-O 7.O-O h6 8.b4 a6 
9.Re1 Re8 10.Bf1 Bf8 11.Bb2 Bg4 12.Qc2 Qd7 13.a3 dxe4 14.dxe4 Rad8 15.h3 
Bh5 16.Re3 Bg6 17.Rae1 Qc8 18.Nc4 b5 19.Ncd2 Bd6 20.a4 Nd5 21.axb5 Nxe3 
22.Rxe3 Nb8 23.bxa6 Nxa6 24.Bc4 Nb8 25.Nh4 Bh7 26.Rf3 Rf8 27.Nf1 Nd7 28.
Ng3 Nf6 29.Rxf6 gxf6 30.Nhf5 Kh8 31.Nxh6 Rd7 32.Qe2 Bg6 33.Qg4 Rg8 34.Qh4 
Kg7 35.Ngf5+ Bxf5 36.Nxf5+ Kf8 37.Bc1 Qa8 38.Kh2 Qa1 39.Bh6+ Ke8 40.Qxf6 
Qxc3 41.Be6 Qc6 42.Ng7+ Kf8 43.Bxf7 1-0

[Event "II Open A"]
[Site "Padova ITA"]
[Date "1999.12.13"]
[Round "3"]
[White "Rossi, Giampiero"]
[Black "De Santis, Alessio"]
[Result "0-1"]
[WhiteElo "2020"]
[BlackElo "2352"]
[PlyCount "66"]
[EventDate "1999.12.11"]

1.d4 d5 2.c4 Nc6 3.Nc3 dxc4 4.d5 Na5 5.Qa4+ c6 6.b4 b5 7.Qxa5 Qxa5 8.bxa5 
b4 9.Nd1 cxd5 10.e4 e6 11.Ne3 Nf6 12.exd5 exd5 13.Nf3 Rb8 14.Be2 Rb5 15.
O-O Rxa5 16.Rd1 Be7 17.Nd4 Bd7 18.Bd2 O-O 19.Be1 Rb8 20.Rdb1 Ra6 21.a3 b3 
22.Nxb3 Rxa3 23.Rxa3 Bxa3 24.Nd2 Re8 25.Bf3 Be6 26.Rb7 d4 27.Nc2 Bc5 28.
Bc6 Rc8 29.Bf3 d3 30.Ne3 c3 31.Nb3 Bb6 32.Na1 c2 33.Naxc2 dxc2 0-1

[Event "II Open A"]
[Site "Padova ITA"]
[Date "1999.12.13"]
[Round "3"]
[White "Tomescu, Vlad"]
[Black "Naumkin, Igor"]
[Result "1/2-1/2"]
[WhiteElo "2453"]
[BlackElo "2489"]
[PlyCount "29"]
[EventDate "1999.12.11"]

1.d4 Nf6 2.c4 e6 3.Nc3 Bb4 4.Bd2 O-O 5.e3 b6 6.Nf3 Bb7 7.Be2 d6 8.O-O a5 
9.a3 Bxc3 10.Bxc3 a4 11.Nd2 Nbd7 12.f3 e5 13.e4 exd4 14.Bxd4 Re8 15.Qc2 
1/2-1/2

[Event "II Open A"]
[Site "Padova ITA"]
[Date "1999.12.13"]
[Round "3"]
[White "Ulibin, Mikhail"]
[Black "Mrdja, Milan"]
[Result "1-0"]
[WhiteElo "2562"]
[BlackElo "2425"]
[PlyCount "131"]
[EventDate "1999.12.11"]

1.d4 Nf6 2.c4 c5 3.d5 e6 4.Nc3 exd5 5.cxd5 d6 6.Nf3 g6 7.g3 Bg7 8.Bg2 O-O 
9.O-O Re8 10.Bf4 a6 11.a4 Ne4 12.Nxe4 Rxe4 13.Nd2 Rb4 14.Ra2 Qe7 15.b3 g5 
16.Be3 b5 17.axb5 Bb7 18.b6 Bd4 19.Bxd4 Rxd4 20.Ra4 Bxd5 21.Bxd5 Rxd5 22.
e4 Rd4 23.Rxd4 cxd4 24.Qc1 Nd7 25.Qc7 Qd8 26.b7 Rb8 27.Qxd6 Rxb7 28.Qd5 
Rb5 29.Qxd4 Qc7 30.Kg2 h6 31.Ra1 Rb6 32.Nc4 Re6 33.Ne3 Rd6 34.Nd5 Qc5 35.
Qb2 Rc6 36.Rd1 Kh7 37.Qe2 Re6 38.Qd3 Ne5 39.Qd2 Qb5 40.Qe3 Rc6 41.Ne7 Re6 
42.Nf5 Qb7 43.Rd5 Ng4 44.Qd3 Qb6 45.Nd4 Ne5 46.Qc3 Re8 47.Nf5 Qf6 48.h3 h5
49.Nd6 Re6 50.Nc4 Nxc4 51.Qxc4 Qe7 52.Qe2 Kh6 53.h4 f6 54.hxg5+ fxg5 55.
Qd3 Qf6 56.Rf5 Qe7 57.Qd4 Rxe4 58.Qh8+ Kg6 59.Rf8 Qe6 60.Rg8+ Kf5 61.Qh7+ 
Ke5 62.Qc7+ Kf5 63.Qd8 Qe7 64.Qd5+ Re5 65.Qf3+ Ke6 66.Qc6+ 1-0

[Event "II Open A"]
[Site "Padova ITA"]
[Date "1999.12.14"]
[Round "4"]
[White "Astengo, Marcello"]
[Black "Ravagnani, Tiziano"]
[Result "1-0"]
[WhiteElo "2017"]
[BlackElo "2025"]
[PlyCount "77"]
[EventDate "1999.12.11"]

1.d4 Nf6 2.c4 g6 3.d5 Bg7 4.Nc3 d6 5.e4 Nbd7 6.Bd3 Nc5 7.Bc2 a5 8.Nge2 O-O
9.O-O e5 10.Bg5 h6 11.Bd2 Nh5 12.Be3 Qh4 13.Nb5 Bd7 14.Nxc7 Rac8 15.Nb5 
Bxb5 16.cxb5 f5 17.exf5 gxf5 18.Ng3 f4 19.Nf5 Rxf5 20.Bxf5 Rf8 21.Qg4 Qxg4
22.Bxg4 fxe3 23.Bxh5 Rf5 24.Bg4 Rg5 25.Be6+ Nxe6 26.dxe6 exf2+ 27.Rxf2 e4 
28.Rd1 d5 29.Rf7 Re5 30.Rxb7 e3 31.Rb8+ Kh7 32.Rd8 Rxe6 33.R8xd5 Bxb2 34.
Rd7+ Bg7 35.Ra7 Kg6 36.Ra6 Rxa6 37.bxa6 Kf5 38.Kf1 Ke4 39.a7 1-0

[Event "II Open A"]
[Site "Padova ITA"]
[Date "1999.12.14"]
[Round "4"]
[White "Colovic, Aleksandar"]
[Black "Chilingirova, Pavlina"]
[Result "1-0"]
[WhiteElo "2423"]
[BlackElo "2227"]
[PlyCount "55"]
[EventDate "1999.12.11"]

1.e4 c5 2.Nf3 d6 3.d4 Nf6 4.Nc3 cxd4 5.Nxd4 a6 6.Bc4 e6 7.Bb3 Nbd7 8.f4 
Nc5 9.f5 Nxb3 10.axb3 Be7 11.Qf3 Bd7 12.g4 h6 13.Be3 e5 14.Nde2 Bc6 15.
O-O-O b5 16.h4 b4 17.Nd5 Nxd5 18.exd5 Bb5 19.g5 a5 20.Ng3 hxg5 21.hxg5 
Rxh1 22.Rxh1 Kd7 23.f6 gxf6 24.gxf6 Bxf6 25.Rh7 Kc8 26.Ne4 Bh8 27.Qxf7 Bd7
28.Bb6 1-0

[Event "II Open A"]
[Site "Padova ITA"]
[Date "1999.12.14"]
[Round "4"]
[White "Dervishi, Erald"]
[Black "Rossi, Carlo"]
[Result "0-1"]
[WhiteElo "2496"]
[BlackElo "2361"]
[PlyCount "83"]
[EventDate "1999.12.11"]

1.e4 c5 2.Nf3 d6 3.d4 Nd7 4.Nc3 g6 5.Bc4 cxd4 6.Qxd4 Ngf6 7.e5 dxe5 8.
Bxf7+ Kxf7 9.Ng5+ Ke8 10.Qc4 e6 11.Nxe6 Nb6 12.Qb5+ Qd7 13.Nc7+ Kf7 14.
Qb3+ Kg7 15.Nxa8 Nxa8 16.O-O Qc6 17.a4 a6 18.a5 Bc5 19.Na4 Bd4 20.c3 Ba7 
21.Qb4 Re8 22.Qh4 Bf5 23.Bh6+ Kg8 24.Bg5 Ne4 25.Be3 Bxe3 26.fxe3 Nc7 27.
Nb6 Nd5 28.Nxd5 Qxd5 29.Rad1 Qxa5 30.g4 Be6 31.g5 Qa4 32.Rd6 Qc4 33.b3 Qc5
34.Rd3 Qc6 35.c4 Nc5 36.Rdd1 Nxb3 37.Qg3 Qe4 38.h4 Nc5 39.Rf2 Bxc4 40.Rfd2
Nd3 41.Kh2 Rf8 42.Qh3 0-1

[Event "II Open A"]
[Site "Padova ITA"]
[Date "1999.12.14"]
[Round "4"]
[White "Diotallevi, Maurizio"]
[Black "Bracaglia, Carlo"]
[Result "1-0"]
[WhiteElo "1909"]
[BlackElo "2134"]
[PlyCount "99"]
[EventDate "1999.12.11"]

1.d4 Nf6 2.c4 e6 3.Nc3 Bb4 4.Qc2 O-O 5.Nf3 c5 6.dxc5 Na6 7.g3 Nxc5 8.Bd2 
b6 9.Bg2 Bb7 10.O-O Rc8 11.Rfd1 Bxc3 12.Bxc3 Qe7 13.Ng5 g6 14.Bxb7 Nxb7 
15.Ne4 Ne8 16.Qd3 d6 17.h4 Nc5 18.Nxc5 bxc5 19.e4 f6 20.Rd2 Rf7 21.Rad1 
Qc7 22.Qe3 Kg7 23.h5 Rd8 24.Kg2 gxh5 25.Qg5+ Kf8 26.Qxh5 Qc6 27.Qf3 f5 28.
e5 Qxf3+ 29.Kxf3 Rfd7 30.Ba5 Rb8 31.exd6 Nf6 32.Bc7 Re8 33.Kg2 Kf7 34.Ba5 
Ne4 35.Rd3 Rg8 36.Kf3 e5 37.Ke3 Ke6 38.Bc7 Rg6 39.Ra3 Rh6 40.Rxa7 Rh2 41.
Rf1 Nf6 42.a4 Ng4+ 43.Ke2 e4 44.Ra8 Ke5 45.Re8+ Kd4 46.Re7 Nf6 47.a5 Rxe7 
48.dxe7 Ne8 49.Bf4 e3 50.a6 1-0

[Event "II Open A"]
[Site "Padova ITA"]
[Date "1999.12.14"]
[Round "4"]
[White "Efimov, Igor"]
[Black "Joksic, Sinisa"]
[Result "1/2-1/2"]
[WhiteElo "2445"]
[BlackElo "2288"]
[PlyCount "58"]
[EventDate "1999.12.11"]

1.d4 g6 2.e4 Bg7 3.Nc3 d6 4.Be3 Nf6 5.Qd2 c6 6.f3 b5 7.O-O-O b4 8.Nce2 a5 
9.Kb1 Ba6 10.Bh6 Bxh6 11.Qxh6 a4 12.Nh3 Qc7 13.Ng5 Nbd7 14.Qg7 Rf8 15.Nf4 
Qa5 16.Nxh7 Nxh7 17.Qxh7 Bxf1 18.Rhxf1 b3 19.cxb3 axb3 20.axb3 Qa2+ 21.Kc2
Rb8 22.Rd3 c5 23.Rc1 cxd4 24.Kd1 Nc5 25.Qh3 Qa6 26.Rc4 Nxd3 27.Nxd3 e6 28.
Rxd4 Rxb3 29.Kc2 Rb6 1/2-1/2

[Event "II Open A"]
[Site "Padova ITA"]
[Date "1999.12.14"]
[Round "4"]
[White "Genocchio, Daniele"]
[Black "Rogulj, Branko"]
[Result "1-0"]
[WhiteElo "2291"]
[BlackElo "2427"]
[PlyCount "99"]
[EventDate "1999.12.11"]

1.e4 Nf6 2.e5 Nd5 3.c4 Nb6 4.d4 d6 5.exd6 cxd6 6.Nc3 g6 7.Be3 Bg7 8.Rc1 
O-O 9.b3 e5 10.dxe5 dxe5 11.Qxd8 Rxd8 12.c5 N6d7 13.Bc4 Nc6 14.Bg5 Rf8 15.
Ne4 h6 16.Bd2 Kh8 17.b4 f5 18.Nd6 e4 19.f4 e3 20.Bxe3 Nxb4 21.Nf3 Kh7 22.
O-O Nc6 23.Rfd1 Nf6 24.h3 Na5 25.Bf7 Ne4 26.Nh4 Rxf7 27.Nxf7 Nc3 28.Re1 
Nxa2 29.Rcd1 Nc3 30.Rd8 Ne4 31.Nd6 Bf6 32.Rxc8 Rxc8 33.Nxc8 Bxh4 34.Ra1 
Nb3 35.Rxa7 Nbxc5 36.Nd6 Nxd6 37.Bxc5 Nf7 38.Rxb7 Kg8 39.Bd4 g5 40.fxg5 
hxg5 41.Rb5 f4 42.Bf2 Bxf2+ 43.Kxf2 Kg7 44.Kf3 Kg6 45.Rd5 Kh5 46.Ke4 Nh6 
47.Rd6 Nf7 48.Rd7 Nh6 49.Rf7 Kh4 50.Ke5 1-0

[Event "II Open A"]
[Site "Padova ITA"]
[Date "1999.12.14"]
[Round "4"]
[White "Giacomini, Massimo"]
[Black "Bianchi, Andrea"]
[Result "1/2-1/2"]
[WhiteElo "1932"]
[BlackElo "2121"]
[PlyCount "36"]
[EventDate "1999.12.11"]

1.Nf3 d5 2.d4 e6 3.c4 Nf6 4.g3 Be7 5.Bg2 O-O 6.O-O dxc4 7.Qa4 a6 8.Qxc4 b5
9.Qc2 Bb7 10.Bf4 Nc6 11.a4 Nd5 12.Nc3 Ncb4 13.Qd2 Nxf4 14.gxf4 bxa4 15.
Nxa4 Be4 16.Nc3 Bb7 17.Na4 Be4 18.Nc3 Bb7 1/2-1/2

[Event "II Open A"]
[Site "Padova ITA"]
[Date "1999.12.14"]
[Round "4"]
[White "Gleizerov, Evgeny"]
[Black "De Santis, Alessio"]
[Result "1/2-1/2"]
[WhiteElo "2520"]
[BlackElo "2352"]
[PlyCount "82"]
[EventDate "1999.12.11"]

1.d4 d6 2.Nf3 Bg4 3.c4 Nd7 4.e4 g6 5.Be2 Bg7 6.Ng1 Bxe2 7.Nxe2 Ngf6 8.Nbc3
c5 9.O-O cxd4 10.Nxd4 O-O 11.b3 Qa5 12.Bd2 Rfc8 13.Re1 a6 14.a4 Qb6 15.Be3
Qa5 16.Bd2 Qb6 17.Be3 Qa5 18.Nd5 Qd8 19.f3 Ne5 20.Ra2 Nfd7 21.Bg5 Bf8 22.
f4 Nc6 23.Nf3 Qa5 24.f5 e6 25.fxe6 fxe6 26.Bd2 Qd8 27.Bg5 Qa5 28.Bd2 Qd8 
29.Nf4 Qf6 30.Nd3 Re8 31.Rf1 Qg7 32.Rc2 Rad8 33.Bg5 Be7 34.Rcf2 Nde5 35.
Bxe7 Rxe7 36.Ndxe5 Nxe5 37.Nxe5 Qxe5 38.Qf3 d5 39.exd5 exd5 40.cxd5 Qxd5 
41.Qg3 Qd4 1/2-1/2

[Event "II Open A"]
[Site "Padova ITA"]
[Date "1999.12.14"]
[Round "4"]
[White "Godena, Michele"]
[Black "Chatalbashev, Boris"]
[Result "1-0"]
[WhiteElo "2490"]
[BlackElo "2524"]
[PlyCount "47"]
[EventDate "1999.12.11"]

1.e4 g6 2.d4 Bg7 3.c3 d6 4.Nf3 Nf6 5.Bd3 O-O 6.O-O Nc6 7.Re1 e5 8.h3 Re8 
9.Na3 d5 10.exd5 Nxd5 11.Bc4 e4 12.Ng5 e3 13.Qf3 exf2+ 14.Kxf2 Be6 15.Rxe6
fxe6 16.Nxe6 Rxe6 17.Qxd5 Qf8+ 18.Kg1 Re8 19.Qf3 Nxd4 20.cxd4 Bxd4+ 21.Kh1
Qb4 22.Bh6 Kh8 23.Bxe6 Rxe6 24.Nc2 1-0

[Event "II Open A"]
[Site "Padova ITA"]
[Date "1999.12.14"]
[Round "4"]
[White "Manca, Federico"]
[Black "Lacrosse, Marc"]
[Result "1-0"]
[WhiteElo "2373"]
[BlackElo "2218"]
[PlyCount "81"]
[EventDate "1999.12.11"]

1.e4 e5 2.Nf3 Nc6 3.Bb5 a6 4.Ba4 Nf6 5.O-O Nxe4 6.d4 b5 7.Bb3 d5 8.dxe5 
Be6 9.Nbd2 Bc5 10.c3 O-O 11.Bc2 Nxf2 12.Rxf2 f6 13.exf6 Bxf2+ 14.Kxf2 Qxf6
15.Nb3 Ne5 16.Kg1 Rae8 17.Be3 Nxf3+ 18.gxf3 Qxf3 19.Qxf3 Rxf3 20.Bc5 Bh3 
21.Nd4 Rf4 22.Bd3 Re5 23.Kh1 Rg5 24.Rg1 Rxg1+ 25.Kxg1 Rg4+ 26.Kf2 Rg2+ 27.
Kf3 Rxb2 28.Kg3 Bd7 29.a3 g6 30.h4 Kf7 31.Kf4 Rd2 32.Nf3 Rd1 33.Ke3 Bf5 
34.Be2 Rh1 35.Kf4 Be4 36.Kg5 Rh3 37.Ne5+ Ke8 38.Bb4 Re3 39.Bg4 Rg3 40.Kf6 
Rg2 41.Bd7+ 1-0

[Event "II Open A"]
[Site "Padova ITA"]
[Date "1999.12.14"]
[Round "4"]
[White "Mrdja, Milan"]
[Black "Caruso, Augusto"]
[Result "1-0"]
[WhiteElo "2425"]
[BlackElo "2219"]
[PlyCount "55"]
[EventDate "1999.12.11"]

1.e4 e5 2.Nf3 Nc6 3.Bb5 f5 4.Qe2 fxe4 5.Qxe4 Bd6 6.d4 Nf6 7.Qe2 e4 8.c3 
Qe7 9.Nfd2 O-O 10.Nc4 Nd8 11.Nxd6 Qxd6 12.Nd2 Qb6 13.Nxe4 Nxe4 14.Bc4+ Kh8
15.Qxe4 d5 16.Bxd5 Bf5 17.Qe2 Qg6 18.Be3 c6 19.Bf3 Bd3 20.Qd2 a5 21.h4 Ne6
22.h5 Qf5 23.O-O-O Ba6 24.h6 g6 25.d5 Rad8 26.Bd4+ Nxd4 27.Qxd4+ Rf6 28.
Rhe1 1-0

[Event "II Open A"]
[Site "Padova ITA"]
[Date "1999.12.14"]
[Round "4"]
[White "Naumkin, Igor"]
[Black "Cacco, Christian"]
[Result "1-0"]
[WhiteElo "2489"]
[BlackElo "2292"]
[PlyCount "89"]
[EventDate "1999.12.11"]

1.d4 Nf6 2.Nf3 g6 3.c4 Bg7 4.Nc3 O-O 5.e4 d6 6.Be2 c6 7.O-O e5 8.Be3 Qe7 
9.Re1 Nbd7 10.Bf1 Re8 11.h3 h6 12.g3 Kh7 13.Bg2 exd4 14.Nxd4 Ne5 15.b3 c5 
16.Nc2 g5 17.f3 a6 18.a4 Rb8 19.Bf2 Nc6 20.Qd3 Kh8 21.Rad1 Nh5 22.Nd5 Qd8 
23.f4 Be6 24.Qf3 Nf6 25.Nxf6 Qxf6 26.Rxd6 gxf4 27.gxf4 Qb2 28.Qd3 Rbd8 29.
e5 Rxd6 30.exd6 Rg8 31.Bxc5 Bxh3 32.Qxh3 Qxc2 33.Kh1 Qd2 34.Qe3 Qb2 35.d7 
Nd8 36.f5 Kh7 37.Be4 Bf6 38.Rg1 Rxg1+ 39.Kxg1 Qe5 40.Bd5 Qc7 41.Be7 Bxe7 
42.Qxe7 Kg7 43.Kg2 Qb6 44.c5 Qf6 45.Qxf6+ 1-0

[Event "II Open A"]
[Site "Padova ITA"]
[Date "1999.12.14"]
[Round "4"]
[White "Ortega, Lexy"]
[Black "Ulibin, Mikhail"]
[Result "1/2-1/2"]
[WhiteElo "2499"]
[BlackElo "2562"]
[PlyCount "32"]
[EventDate "1999.12.11"]

1.d4 d5 2.c4 c6 3.e3 Bf5 4.cxd5 cxd5 5.Qb3 Qc7 6.Bd2 e6 7.Bb5+ Nc6 8.Nf3 
Bd6 9.Bb4 Ne7 10.Bxd6 Qxd6 11.Ne5 O-O 12.Bxc6 Nxc6 13.Nxc6 Qxc6 14.Nc3 Bd3
15.f3 Bc4 16.Qc2 a5 1/2-1/2

[Event "II Open A"]
[Site "Padova ITA"]
[Date "1999.12.14"]
[Round "4"]
[White "Petrov, Marijan"]
[Black "Danieli, Enrico"]
[Result "1-0"]
[WhiteElo "2386"]
[BlackElo "2039"]
[PlyCount "41"]
[EventDate "1999.12.11"]

1.e4 c6 2.d4 d5 3.Nc3 dxe4 4.Nxe4 Nf6 5.Nxf6+ exf6 6.c3 Bd6 7.Bd3 O-O 8.
Ne2 Re8 9.Qc2 h6 10.O-O Nd7 11.Ng3 Qc7 12.c4 c5 13.d5 Ne5 14.Be4 b6 15.Bd2
Ba6 16.b3 Nd7 17.a4 h5 18.f4 h4 19.Nf5 h3 20.Rf3 Bc8 21.Rg3 1-0

[Event "II Open A"]
[Site "Padova ITA"]
[Date "1999.12.14"]
[Round "4"]
[White "Popa, Florin"]
[Black "De Bortoli, Peter"]
[Result "0-1"]
[WhiteElo "2213"]
[BlackElo "2225"]
[PlyCount "104"]
[EventDate "1999.12.11"]

1.e4 c5 2.c3 d5 3.exd5 Qxd5 4.d4 Nf6 5.Nf3 Bg4 6.Be2 e6 7.Na3 cxd4 8.Nb5 
Qd8 9.Nbxd4 Be7 10.O-O O-O 11.Qb3 Qc8 12.Re1 Nbd7 13.h3 Bh5 14.Nxe6 fxe6 
15.Qxe6+ Rf7 16.Ng5 Nc5 17.Qc4 Bg6 18.Bf4 h6 19.Nxf7 Bxf7 20.Qd4 Ne6 21.
Qe5 Nxf4 22.Qxf4 Nd5 23.Qe4 Bc5 24.Bc4 Qc6 25.Rad1 Rd8 26.Rd2 Kh8 27.Qf3 
Bg8 28.Bb3 Rf8 29.Qe4 Nf6 30.Qxc6 bxc6 31.Bxg8 Kxg8 32.b4 Bb6 33.Rd3 Nd5 
34.Rf3 Rxf3 35.gxf3 Nxc3 36.Re8+ Kf7 37.Rc8 Nxa2 38.Rxc6 Nxb4 39.Rc4 Nd5 
40.Re4 a5 41.Kg2 Kf6 42.f4 Bc7 43.Kf3 Bd6 44.Rd4 Ke6 45.Ra4 Bb4 46.Ra2 Nc3
47.Rc2 a4 48.Ke3 a3 49.Kd3 a2 50.Rc1 Nb1 51.Rc6+ Kd7 52.Ra6 Ba3 0-1

[Event "II Open A"]
[Site "Padova ITA"]
[Date "1999.12.14"]
[Round "4"]
[White "Rossato, Armando"]
[Black "Di Lazzaro, Gabriele"]
[Result "1-0"]
[WhiteElo "2219"]
[BlackElo "2015"]
[PlyCount "77"]
[EventDate "1999.12.11"]

1.d4 Nf6 2.Nc3 d5 3.e4 dxe4 4.f3 exf3 5.Nxf3 Bg4 6.Be3 e6 7.Bd3 Bb4 8.O-O 
O-O 9.Qe1 Nbd7 10.Ne5 Nxe5 11.dxe5 Nd5 12.Qg3 Nxe3 13.Qxe3 Bxc3 14.bxc3 c6
15.Rab1 Qe7 16.Rb4 Bh5 17.Rfb1 b6 18.a4 Bg6 19.a5 b5 20.a6 Rfd8 21.c4 bxc4
22.Bxg6 hxg6 23.Rb7 Rd7 24.h3 Rad8 25.Qxa7 Rd1+ 26.Rxd1 Rxd1+ 27.Kh2 Qg5 
28.Rxf7 Qxe5+ 29.g3 c5 30.Rf2 Qe1 31.Qa8+ Kh7 32.Qg2 Ra1 33.Re2 Qc3 34.
Rxe6 Ra2 35.a7 Rxa7 36.Re4 g5 37.h4 Rd7 38.Re2 gxh4 39.Qe4+ 1-0

[Event "II Open A"]
[Site "Padova ITA"]
[Date "1999.12.14"]
[Round "4"]
[White "Timoscenko, Gennadij A."]
[Black "Tomescu, Vlad"]
[Result "1/2-1/2"]
[WhiteElo "2536"]
[BlackElo "2453"]
[PlyCount "43"]
[EventDate "1999.12.11"]

1.d4 b5 2.e4 Bb7 3.Bxb5 Bxe4 4.Nf3 Nf6 5.O-O e6 6.c4 Be7 7.Nc3 Bb7 8.Ba4 
O-O 9.Bc2 d6 10.b3 Nbd7 11.Bb2 c5 12.dxc5 Nxc5 13.Qe2 a6 14.Rad1 Qc7 15.
Rfe1 Rfe8 16.Nd4 Rac8 17.Bb1 Ba8 18.Qe3 g6 19.Nde2 Bf8 20.Qd2 Red8 21.Ng3 
Bg7 22.f3 1/2-1/2

[Event "II Open A"]
[Site "Padova ITA"]
[Date "1999.12.14"]
[Round "4"]
[White "Van Hoolandt, Patrick"]
[Black "Artizzu, Giulio"]
[Result "1-0"]
[WhiteElo "2050"]
[BlackElo "1825"]
[PlyCount "107"]
[EventDate "1999.12.11"]

1.c4 Nf6 2.g3 g6 3.Bg2 Bg7 4.Nc3 O-O 5.Nf3 c5 6.d4 cxd4 7.Nxd4 Nc6 8.O-O 
Qb6 9.Nc2 d6 10.Ne3 a6 11.b3 Bd7 12.Bb2 Rac8 13.Ncd5 Nxd5 14.Nxd5 Qd8 15.
Bxg7 Kxg7 16.h4 b5 17.cxb5 axb5 18.a4 bxa4 19.bxa4 Re8 20.Qd2 Ne5 21.Rfc1 
Bc6 22.Qb2 Kg8 23.Nb6 Rb8 24.Bxc6 Rxb6 25.Bb5 Qa8 26.Qd4 Rbb8 27.Ra3 Nc6 
28.Qd5 Rxb5 29.Qxc6 Rb1 30.Rc3 Qxc6 31.Rxc6 Rxc1+ 32.Rxc1 Ra8 33.Rc4 Kf8 
34.e4 e6 35.Kf1 Ke7 36.Ke2 d5 37.exd5 exd5 38.Rb4 Kd6 39.Kd3 Kc5 40.Kc3 
Re8 41.Rb7 Rf8 42.Rb5+ Kc6 43.Kd4 Ra8 44.Rc5+ Kd6 45.Rxd5+ Ke6 46.a5 f5 
47.Kc4 Ra6 48.Rb5 Rc6+ 49.Kb4 Rc2 50.a6 Rb2+ 51.Kc5 Rxf2 52.a7 Ra2 53.Kb6 
h6 54.Ra5 1-0

[Event "II Open A"]
[Site "Padova ITA"]
[Date "1999.12.14"]
[Round "4"]
[White "Zinani, Alessandro"]
[Black "Rossi, Giampiero"]
[Result "0-1"]
[WhiteElo "2222"]
[BlackElo "2020"]
[PlyCount "140"]
[EventDate "1999.12.11"]

1.d4 d5 2.Nf3 c6 3.c3 Bf5 4.Nbd2 e6 5.Qb3 Qb6 6.g3 Be7 7.Bg2 Nd7 8.O-O h6 
9.Ne5 Ngf6 10.Nxd7 Nxd7 11.f3 O-O 12.e4 Bh7 13.Qxb6 axb6 14.Nb3 Nf6 15.Re1
Rfe8 16.Bf4 Bf8 17.a3 Rac8 18.a4 c5 19.e5 Nd7 20.Rac1 Ra8 21.Bf1 Rec8 22.
Be3 Nb8 23.Bb5 Nc6 24.Be2 cxd4 25.Bxd4 Be7 26.f4 Bd8 27.Kf2 Bg6 28.Bg4 Kf8
29.h4 Bd3 30.Ke3 Bc4 31.Nd2 Na5 32.Bd1 Ba6 33.b3 Nc6 34.b4 Nxd4 35.cxd4 b5
36.Be2 Rxc1 37.Rxc1 b6 38.axb5 Bb7 39.Bd1 Ke7 40.Kd3 Kd7 41.Rb1 Ra3+ 42.
Rb3 Rxb3+ 43.Nxb3 Be7 44.Kc3 g6 45.Nd2 h5 46.Nf3 Ke8 47.Be2 Bc8 48.Ne1 Bb7
49.Ng2 f5 50.exf6 Bxf6 51.Bd3 Kf7 52.Ne1 Bc8 53.Nf3 Bd7 54.Kd2 Be8 55.Ke3 
Kg7 56.Ne1 Bf7 57.Nc2 Be7 58.Kd2 Be8 59.Kc3 Bd6 60.Na1 g5 61.hxg5 h4 62.
gxh4 Bxf4 63.Nb3 Bg3 64.h5 Bf4 65.Nc5 bxc5 66.bxc5 Bxh5 67.b6 Bxg5 68.Ba6 
Bg6 69.b7 Bf4 70.Kb4 Kf6 0-1